Statystyki dla Stolice Afryki

Kliknij tutaj aby rozwiązać quiz!

Ogólne statystyki

  • Ten quiz został rozwiązany 9 700 razy
  • Średni wynik to 32 z 54

Statystyki odpowiedzi

PaństwoStolica% Poprawnych
AlgieriaAlgier
96%
EgiptKair
92%
DżibutiDżibuti
81%
MarokoRabat
79%
TunezjaTunis
77%
KeniaNairobi
76%
MadagaskarAntananarywa
75%
Gwinea BissauBissau
74%
LibiaTrypolis
73%
EtiopiaAddis Abeba
72%
AngolaLuanda
72%
SenegalDakar
69%
Republika Południowej AfrykiPretoria
69%
Demokratyczna Republika KongaKinszasa
68%
CzadNdżamena
66%
BeninPorto-Novo
65%
NigeriaAbudża
64%
GhanaAkra
64%
Burkina FasoWagadugu
64%
SudanChartum
63%
Sierra LeoneFreetown
62%
ErytreaAsmara
61%
BotswanaGaborone
61%
KongoBrazzaville
60%
NigerNiamey
60%
SeszeleVictoria
60%
GabonLibreville
59%
Wyspy Świetego Tomasz i KsiążeciaSao Tome
56%
TanzaniaDodoma
55%
Sudan PołudniowyDżuba
55%
SomaliaMogadiszu
55%
KamerunJaunde
54%
GambiaBandżul
53%
BurundiGitega
53%
ZimbabweHarare
53%
GwineaKonakry
53%
TogoLome
53%
MaliBamako
51%
MozambikMaputo
51%
EswathiniMbabane
51%
NamibiaWindhuk
51%
UgandaKampala
50%
Republika ŚrodkowoafrykańskaBangi
49%
ZambiaLusaka
48%
LiberiaMonrovia
48%
MauretaniaNawakszut
48%
Wybrzeże Kości SłoniowejJamusukro
47%
RwandaKigali
47%
Republika Zielonego PrzylądkaPraia
47%
MalawiLilongwe
46%
LesothoMaseru
46%
Gwinea RównikowaMalabo
45%
KomoryMoroni
44%
MauritiusPort Luis
32%

Rozkład punktacji

Percentyl według liczby udzielonych odpowiedzi

Procent ludzi z każdym wynikiem

Twoja historia wyników

Nie rozwiązałeś tego quizu